Les villes européennes disposant d'un métro et/ou d'un tram - Statistiques

Statistiques générales
  • Ce quiz a été pris 59 fois
    2 depuis la dernière actualisation
  • Le résultat moyen est 136 sur 266
Réponses sur la Carte
Les réponses sont colorées sur une échelle allant du rouge au vert en fonction du pourcentage des utilisateurs qui les ont devinées à leur premier essai. Vous pouvez retrouver ces pourcentages ci-dessous.
 
Statistiques - réponses
Pays Ville % Correct
Danemark Aarhus
100%
Pays-Bas Amsterdam
100%
France Angers
100%
Belgique Anvers
100%
Grèce Athènes
100%
Suisse Bâle
100%
Espagne Barcelone
100%
Serbie Belgrade
100%
Norvège Bergen
100%
Allemagne Berlin
100%
Suisse Berne
100%
Espagne Bilbao
100%
Royaume-Uni Birmingham
100%
Allemagne Bochum
100%
Allemagne Bonn
100%
France Bordeaux
100%
Slovaquie Bratislava
100%
Allemagne Brême
100%
France Brest
100%
Belgique Bruxelles
100%
Roumanie Bucarest
100%
Hongrie Budapest
100%
Espagne Cadix
100%
France Caen
100%
Italie Catane
100%
Belgique Charleroi
100%
France Clermont-Ferrand
100%
Allemagne Cologne
100%
Danemark Copenhague
100%
Pologne Cracovie
100%
Allemagne Darmstadt
100%
France Dijon
100%
Ukraine Dnipro
100%
Irlande Dublin
100%
Allemagne Düsseldorf
100%
Italie Florence
100%
Pologne Gdańsk
100%
Italie Gênes
100%
Suisse Genève
100%
Autriche Graz
100%
France Grenoble
100%
Finlande Helsinki
100%
Allemagne Iéna
100%
Autriche Innsbruck
100%
Turquie Istanbul
100%
Allemagne Karlsruhe
100%
Russie Kazan
100%
Ukraine Kiev
100%
France Le Havre
100%
Allemagne Leipzig
100%
France Le Mans
100%
Belgique Liège
100%
France Lille
100%
Autriche Linz
100%
Portugal Lisbonne
100%
Pologne Łódź
100%
Royaume-Uni Londres
100%
Luxembourg Luxembourg
100%
France Lyon
100%
Espagne Madrid
100%
Royaume-Uni Manchester
100%
Allemagne Mannheim / Ludwigshafen
100%
Ukraine Marioupol
100%
France Marseille
100%
Italie Milan
100%
Biélorussie Minsk
100%
France Montpellier
100%
Russie Moscou
100%
Allemagne Munich
100%
France Nantes
100%
Italie Naples
100%
Royaume-Uni Newcastle / Sunderland
100%
France Nice
100%
Ukraine Odessa
100%
France Orléans
100%
Belgique Ostende (Tramway de la côte)
100%
Italie Palerme
100%
Espagne Palma de Majorque
100%
France Paris
100%
Portugal Porto
100%
Tchéquie Prague
100%
France Rennes
100%
Lettonie Riga
100%
Italie Rome
100%
Russie Rostov-sur-le-Don
100%
Pays-Bas Rotterdam / La Haye
100%
France Saint-Étienne
100%
Russie Saint-Pétersbourg
100%
Bosnie-Herzégovine Sarajevo
100%
Espagne Séville
100%
Royaume-Uni Sheffield
100%
Bulgarie Sofia
100%
Suède Stockholm
100%
France Strasbourg
100%
Estonie Tallinn
100%
Grèce Thessalonique
100%
France Toulouse
100%
France Tours
100%
Espagne Valence
100%
France Valenciennes
100%
Pologne Varsovie
100%
Italie Venise (Mestre)
100%
Autriche Vienne
100%
Croatie Zagreb
100%
Suisse Zurich
100%
Espagne Alicante
50%
Allemagne Augsbourg
50%
France Avignon
50%
Italie Bergame / Albino
50%
France Besançon
50%
Italie Brescia
50%
Tchéquie Brno
50%
Allemagne Brunswick
50%
Italie Cagliari
50%
Roumanie Cluj-Napoca
50%
Roumanie Craiova
50%
Hongrie Debrecen
50%
Ukraine Donetsk
50%
Allemagne Dortmund
50%
Allemagne Dresde
50%
Allemagne Duisbourg
50%
Royaume-Uni Édimbourg
50%
Allemagne Essen
50%
Allemagne Fribourg
50%
Belgique Gand
50%
Royaume-Uni Glasgow
50%
Suède Goteborg
50%
Espagne Grenade
50%
Allemagne Hambourg
50%
Allemagne Hanovre
50%
Roumanie Iasi
50%
Espagne Jaén
50%
Russie Kaliningrad
50%
Ukraine Kharkiv
50%
Slovaquie Kosice
50%
Russie Krasnodar
50%
Suisse Lausanne
50%
Ukraine Lviv
50%
Allemagne Magdebourg
50%
Espagne Malaga
50%
Italie Messine
50%
France Mulhouse
50%
Espagne Murcie
50%
Suisse Neuchâtel
50%
Russie Nijni Novgorod
50%
Royaume-Uni Nottingham
50%
Allemagne Nuremberg
50%
Danemark Odense
50%
Norvège Oslo
50%
Italie Padoue
50%
Russie Perm
50%
Tchéquie Pilsen
50%
Allemagne Potsdam
50%
Pologne Poznań
50%
France Reims
50%
Allemagne Rostock
50%
France Rouen
50%
Allemagne Sarrebruck
50%
Allemagne Stuttgart
50%
Roumanie Timisoara
50%
Italie Trieste
50%
Italie Turin
50%
Pays-Bas Utrecht
50%
Espagne Vitoria-Gasteiz
50%
Pologne Wroclaw
50%
Allemagne Wuppertal
50%
Roumanie Arad
0%
Ukraine Avdiïvka
0%
Allemagne Bielefeld
0%
Royaume-Uni Blackpool
0%
Roumanie Braila
0%
Allemagne Brandebourg-sur-la-Havel
0%
Pologne Bydgoszcz
0%
Allemagne Cassel
0%
Allemagne Chemnitz
0%
Allemagne Cottbus
0%
Pologne Częstochowa
0%
Lettonie Daugavpils
0%
Allemagne Dessau-Roßlau
0%
Allemagne Mülheim
0%
Ukraine Droujkivka
0%
Pologne Elbląg
0%
Allemagne Erfurt
0%
Ukraine Eupatoria
0%
Allemagne Francfort-sur-le-Main
0%
Allemagne Francfort-sur-l'Oder
0%
Roumanie Galati
0%
Allemagne Gelsenkirchen
0%
Allemagne Gera
0%
Autriche Gmunden
0%
Allemagne Görlitz
0%
Pologne Gorzów Wielkopolski
0%
Allemagne Gotha
0%
Pologne Grudziądz
0%
Allemagne Halberstadt
0%
Allemagne Halle
0%
Allemagne Heidelberg
0%
Allemagne Heilbronn
0%
Ukraine Horlivka
0%
Russie Iaroslavl
0%
Russie Ijevsk
0%
Ukraine Jytomyr
0%
Ukraine Kamianske
0%
Pologne Katowice
0%
Russie Kolomna
0%
Ukraine Konotop
0%
Russie Koursk
0%
Allemagne Krefeld
0%
Ukraine Kryvyi Rih
0%
Tchéquie Liberec
0%
Lettonie Liepāja
0%
Russie Lipetsk
0%
Suède Lund
0%
Allemagne Mayence
0%
Biélorussie Mazyr
0%
Hongrie Miskolc
0%
Tchéquie Most / Litvinov
0%
Ukraine Mykolaïv
0%
Russie Naberejnye Tchelny
0%
Allemagne Naumbourg
0%
Biélorussie Navapolatsk
0%
Russie Nijnekamsk
0%
Allemagne Nordhausen
0%
Suède Norrköping
0%
Russie Novotcherkassk
0%
Russie Novotroïtsk
0%
Tchéquie Olomouc
0%
Pologne Olsztyn (Allenstein)
0%
Roumanie Oradea
0%
Russie Orel
0%
Croatie Osijek
0%
Tchéquie Ostrava
0%
Russie Oufa
0%
Russie Oulianovsk
0%
Russie Piatigorsk
0%
Allemagne Plauen
0%
Roumanie Ploiesti
0%
Roumanie Reșița
0%
Russie Salavat
0%
Russie Samara
0%
Espagne Santa Cruz de Tenerife
0%
Espagne Saragosse
0%
Russie Saratov
0%
Italie Sassari
0%
Allemagne Schwerin
0%
Russie Smolensk
0%
Espagne Sóller
0%
Russie Stary Oskol
0%
Pologne Szczecin
0%
Hongrie Szeged
0%
Russie Taganrog
0%
Finlande Tampere
0%
Russie Tcherepovets
0%
Pologne Toruń
0%
Russie Toula
0%
Norvège Trondheim
0%
Allemagne Ulm
0%
Ukraine Vinnytsia
0%
Biélorussie Vitebsk
0%
Russie Vladikavkaz
0%
Russie Volgograd
0%
Russie Voljski
0%
Allemagne Wurtzbourg
0%
Ukraine Yenakiieve
0%
Ukraine Zaporijia
0%
Allemagne Zwickau
0%
Aucun quiz correspondant
Distribution des résultats
% des personnes avec chaque résultat
Percentile par nombre de réponses
Votre historique - résultats
Vous n’avez pas pris ce quiz depuis la dernière actualisation